Кузница победы. Подвиг тыла в годы Великой Отечественной войны: очерки и воспоминания

Detalhes bibliográficos
Outros Autores: Тягай Е. Я. (редактор)
Idioma:russo
Publicado em: Москва, Политиздат, 1980
Edição:2-е изд.
Assuntos:
Formato: MixedMaterials Livro
KOHA link:https://koha.lib.tpu.ru/cgi-bin/koha/opac-detail.pl?biblionumber=366557

MARC

LEADER 00000nam0a2200000 4500
001 366557
005 20231102011908.0
035 |a (RuTPU)RU\TPU\retro\23920 
090 |a 366557 
100 |a 20220211d1980 m y0rusy50 ca 
101 0 |a rus 
102 |a RU 
105 |a a z 000zy 
200 1 |a Кузница победы. Подвиг тыла в годы Великой Отечественной войны  |e очерки и воспоминания  |f отв. ред. Е. Я. Тягай 
205 |a 2-е изд. 
210 |a Москва  |c Политиздат  |d 1980 
215 |a 424 с.  |c ил. 
606 1 |a Тыл в Великой Отечественной войне 1941-1945  |2 stltpush  |3 (RuTPU)RU\TPU\subj\66619  |9 82670 
610 1 |a очерки 
610 1 |a воспоминания 
610 1 |a советский народ 
610 1 |a трудовые подвиги 
610 1 |a героизм 
610 1 |a промышленность 
610 1 |a сельское хозяйство 
610 1 |a военная промышленность 
686 |a Т3(2)622-2  |v LBC/SL-A  |2 rubbk 
702 1 |a Тягай  |b Е. Я.  |4 340 
801 1 |a RU  |b 63413507  |c 20220211 
942 |c BK